Modrá planeta

Hlavní autor: Horký, Roman, 1964-
Korporativní autor: Kamelot (hudební skupina : Česko)
Jazyk: Čeština
Vydáno: Praha : EMI, p2006
Témata:
Fyzický popis: 1 zvuková deska : digital ; 12 cm + 1 brožura
Zvukové nahrávky
Uloženo v:
LEADER 01425njm a2200373 a 4500
001 000885613
003 CZ BrMZK
005 20080226101327.0
007 sd fsngnnmmned
008 080211s2006 xr ppn g d cze d
024 3 |a 094637485729 
028 0 1 |a 0946 3 74857 2 9  |b EMI 
040 |a BOA001  |b cze 
048 |a od  |b vu 
072 7 |a 784  |x Vokální hudba  |2 Konspekt  |9 9 
080 |a 784.4  |2 MRF 
080 |a (086.76)  |2 MRF 
100 1 |a Horký, Roman,  |d 1964-  |7 js20020218012  |4 cmp  |4 lyr  |4 sng  |4 itr 
245 1 0 |a Modrá planeta  |h [zvukový záznam] 
260 |a Praha :  |b EMI,  |c p2006 
300 |a 1 zvuková deska :  |b digital ;  |c 12 cm +  |e 1 brožura 
500 |a Kompaktní deska 
500 |a Texty písní v brožuře 
505 0 0 |t Modrá planeta --  |t Očarovaná --  |t Dvě pírka v písku --  |t Předtucha --  |t Američan --  |t Nemáme to lehký --  |t Zlatá Ruth --  |t Den Svatého Patrika --  |t Stůj, neriskuj --  |t V kukuřičném poli-- --  |t Vánoční čas --  |t Až spadne opona 
508 |a Texty a hudba Roman Horký 
511 0 |a Kamelot 
518 |a Nahráno ve studiu "V" Zlín, leden-únor 2006 
650 0 4 |a kompaktní desky 
655 7 |a kompaktní desky  |7 fd201991  |2 czenas 
710 2 |a Kamelot (hudební skupina : Česko)  |7 ko2002149286 
910 |a BOA001  |b CD-0014.345 
990 |a AV 
991 |b 200802 
996 6 |b 261H015878  |c CD-0014.345  |l MZK  |r Sklad / do 24 hodin  |n 0  |w 000885613  |u 000010  |a 1  |e BOA001  |j MZK50  |s P